Preisstrategien unter Berücksichtigung von Kapazitätsrestriktionen, Lagerhaltung und Investitionen.

Miesto tvorby cien a investícií ako najvýznamnejšie premenné stratégie podniku. Možnosti dynamickej cenovej teórie a teórie investície a ich obmedzenia pri tvorbe optimálnej cenovej stratégie. Vytvorenie nového prístupu v modeli, ktorý zohľadňuje cenový vývoj so zohľadnením reštrikcie kapacít podnik...

Description complète

Enregistré dans:
Détails bibliographiques
Auteur principal: Weiser, Ch
Format: Chapitre de livre
Langue:allemand
Sujets:
Tags: Ajouter un tag
Pas de tags, Soyez le premier à ajouter un tag!

MARC

LEADER 00000naa a2200000 4500
001 r010613
005 20221130113407.6
041 0 |a ger 
044 |a DE 
245 1 0 |a Preisstrategien unter Berücksichtigung von Kapazitätsrestriktionen, Lagerhaltung und Investitionen.  |c Ch. Weiser 
520 |a Miesto tvorby cien a investícií ako najvýznamnejšie premenné stratégie podniku. Možnosti dynamickej cenovej teórie a teórie investície a ich obmedzenia pri tvorbe optimálnej cenovej stratégie. Vytvorenie nového prístupu v modeli, ktorý zohľadňuje cenový vývoj so zohľadnením reštrikcie kapacít podniku, zmien v zásobách a priebeh investícií. Výsledky práce so simulačnými analýzami. 
610 2 0 |a tvorba cien 
610 2 0 |a investície 
610 2 0 |a stratégia podniková 
610 2 0 |a simulácia 
610 2 0 |a podnik 
610 2 0 |a skladovanie 
610 2 0 |a zásoby 
610 2 0 |a modely cenové 
100 1 |a Weiser, Ch.